Sports Quiz

Random Sports or Country Quiz
Score 0/21 Timer 07:00
0 Plays Today
Country Team % Correct
The NetherlandsVacansoleil
64.4%
The NetherlandsSkil-Shimano
62.5%
VenezuelaDiquigiovanni–Androni
53.1%
BelgiumTopsport Vlaanderen – Mercator
50.6%
United StatesBMC Racing Team
50%
BelgiumLandbouwkrediet-Colnago
48.1%
SwitzerlandCervélo TestTeam
43.8%
SpainAndalucía–Cajasur
40%
United KingdomBarloworld
31.3%
ItalyISD–NERI
29.4%
FranceAgritubel
28.8%
Country Team % Correct
ItalyAcqua & Sapone – Caffè Mokambo
28.8%
SpainXacobeo–Galicia
26.3%
IrelandCSF Group – Navigare
23.8%
AustriaVorarlberg–Corratec
21.9%
Czech RepublicPSK Whirlpool – Author
21.9%
IrelandLPR Brakes – Farnese Vini
19.4%
AustriaElk Haus
18.1%
IrelandCeramica Flaminia – Bossini Docce
14.4%
SpainContentpolis–Ampo
12.5%
San MarinoAmica Chips – Knauf
6.9%

You're not logged in!

Compare scores with friends on all Sporcle quizzes.
OR
Log In

Sporcle TV

Today on Sporcle TV


Watch our educational content, quiz creation guides, and fun videos on Sporcle TV.

Show Comments

Extras

Top Quizzes Today


Score Distribution

Paid Content

Your Account Isn't Verified!

In order to create a playlist on Sporcle, you need to verify the email address you used during registration. Go to your Sporcle Settings to finish the process.

Report this User

Report this user for behavior that violates our Community Guidelines.

Details: